Sipadan : (Record no. 24173)

MARC details
000 -LEADER
fixed length control field 00683nam a2200241 i 4500
001 - CONTROL NUMBER
control field C2-0102960
003 - CONTROL NUMBER IDENTIFIER
control field PPAK
005 - DATE AND TIME OF LATEST TRANSACTION
control field 20180727100423.0
008 - FIXED-LENGTH DATA ELEMENTS--GENERAL INFORMATION
fixed length control field 970604s1991 si a|||| ||||| | eng d
020 ## - INTERNATIONAL STANDARD BOOK NUMBER
International Standard Book Number 9810028210
040 ## - CATALOGING SOURCE
Original cataloging agency PPAK
Language of cataloging eng
Transcribing agency PPAK
Description conventions rda
082 04 - DEWEY DECIMAL CLASSIFICATION NUMBER
Classification number 778.73
Edition number 23
090 00 - LOCALLY ASSIGNED LC-TYPE CALL NUMBER (OCLC); LOCAL CALL NUMBER (RLIN)
Classification number (OCLC) (R) ; Classification number, CALL (RLIN) (NR) 778.73
Feature heading WON
Feature heading R
100 1# - MAIN ENTRY--PERSONAL NAME
Personal name Wong, Michael Patrick,
Relator term author
245 10 - TITLE STATEMENT
Title Sipadan :
Remainder of title Borneo's underwater paradise
264 #1 - PRODUCTION, PUBLICATION, DISTRIBUTION, MANUFACTURE, AND COPYRIGHT NOTICE
Place of production, publication, distribution, manufacture Singapore :
Name of producer, publisher, distributor, manufacturer Odyssey Pub. ,
Date of production, publication, distribution, manufacture, or copyright notice 1991
300 ## - PHYSICAL DESCRIPTION
Extent 216 pages :
Other physical details colour illustrations ;
Dimensions 29 cm
336 ## - CONTENT TYPE
Source rdacontent
Content type term text
337 ## - MEDIA TYPE
Source rdamedia
Media type term unmediated
338 ## - CARRIER TYPE
Source rdacarrier
Carrier type term volume
650 10 - SUBJECT ADDED ENTRY--TOPICAL TERM
Topical term or geographic name entry element Underwater photography
942 ## - ADDED ENTRY ELEMENTS (KOHA)
-- dc
Koha item type Book
Holdings
Withdrawn Not for loan Current library Shelving location Date acquired Full call number Barcode Date last seen Koha item type Total Checkouts
  Not For Loan Perpustakaan Alor Setar Rujukan Dewasa 15/07/1998 R 778.73 WON A00109508 08/05/2018 Book  
  Not For Loan Perpustakaan Alor Setar Rujukan Dewasa 05/01/2006 R 778.73 WON A00317170 08/05/2018 Book  
  Not For Loan Perpustakaan Awam Sungai Petani Rujukan Dewasa 15/03/2004 R 778.73 WON A00419557 08/05/2018 Book  
  Not For Loan Perpustakaan Jitra Rujukan Dewasa 22/03/2004 R 778.73 WON A00846530 08/05/2018 Book  
  Not For Loan Perpustakaan Kulim Rujukan Dewasa 09/11/2005 R 778.73 WON A00464706 19/04/2021 Book  
  Not For Loan Perpustakaan Langkawi Rujukan Dewasa 09/11/2005 R 778.73 WON A00356495 08/05/2018 Book  
  Not For Loan Perpustakaan Yan Rujukan Dewasa 09/11/2005 R 778.73 WON A00163029 16/11/2021 Book